Digital signal processing:Fundamentals and applications (Record no. 2433)

MARC details
000 -LEADER
fixed length control field 00388nam a2200145Ia 4500
008 - FIXED-LENGTH DATA ELEMENTS--GENERAL INFORMATION
fixed length control field 130318s9999 xx 000 0 und d
020 ## - INTERNATIONAL STANDARD BOOK NUMBER
International Standard Book Number 9788131215197
082 ## - DEWEY DECIMAL CLASSIFICATION NUMBER
Classification number 621.3822 TAN/B
100 ## - MAIN ENTRY--PERSONAL NAME
Personal name Tan, L.I
245 ## - TITLE STATEMENT
Title Digital signal processing:Fundamentals and applications
260 ## - PUBLICATION, DISTRIBUTION, ETC.
Name of publisher, distributor, etc. Elsevier
Place of publication, distribution, etc. U.S.A
Date of publication, distribution, etc. 2011
300 ## - PHYSICAL DESCRIPTION
Extent 816
650 ## - SUBJECT ADDED ENTRY--TOPICAL TERM
Topical term or geographic name entry element MATLAB PROGRAMMING
650 ## - SUBJECT ADDED ENTRY--TOPICAL TERM
Topical term or geographic name entry element MULTIMEDIA DSP
Holdings
Withdrawn status Lost status Source of classification or shelving scheme Damaged status Not for loan Collection code Home library Current library Shelving location Date acquired Cost, normal purchase price Total Checkouts Full call number Barcode Date last seen Date last checked out Price effective from Koha item type
    Dewey Decimal Classification     Digital Signal Processing Kerala University of Digital Sciences, Innovation and Technology Knowledge Centre Kerala University of Digital Sciences, Innovation and Technology Knowledge Centre Applied Electronics 18/03/2013 335.00 1 621.382 2 TAN/B 2453 12/02/2025 31/01/2025 18/03/2013 Books